Statistiken für Bundesliga Teams 2022/2023

Klicken Sie hier um das Quiz zu spielen!

Allgemein

  • Dieses Quiz wurde 1.381 mal gespielt
  • Das Durchschnittsergebnis liegt bei 17 aus 18

Antwortstatistiken

Verein% Korrekt
Borussia Dortmund
100%
FC Bayern München
99%
RB Leipzig
97%
FC Schalke 04
96%
Union Berlin
96%
Bayer Leverkusen
95%
1. FC Köln
94%
Eintracht Frankfurt
94%
Hertha BSC
94%
SC Freiburg
94%
Werder Bremen
94%
VfB Stuttgart
92%
1. FSV Mainz 05
90%
FC Augsburg
90%
VfL Wolfsburg
90%
TSG 1899 Hoffenheim
87%
VfL Bochum
87%
Borussia Mönchengladbach
85%

Verteilung der Resultate

Perzentil nach korrekt beantworteten Fragen

Anzahl Personen mit jedem Resultat

Ihre Resultats-Entwicklung

Sie haben dieses Quiz noch nicht gespielt